| 000 | 00738nam a2200217 a 4500 | ||
|---|---|---|---|
| 001 | 000714877 | ||
| 003 | AM-YeHGA | ||
| 005 | 20250618073720.0 | ||
| 008 | 100218s fr r 000 0 fre d | ||
| 040 | _aAM-YeHGA | ||
| 041 | 0 | _afre | |
| 100 | 1 |
_aChateaubriand, Francois-Rene, _cvicomte de, _d1768-1848. |
|
| 245 | 1 | 0 |
_aExtraits / _cChateaubriand ; publ. avec une introduction, des notices et des notes par F. Brunetiere et V. Giraud. |
| 250 | _a18e. ed. | ||
| 260 |
_aParis : _bLibrairie Hachette, _cs. a. |
||
| 300 |
_axiv, 421 p. : _bill. |
||
| 650 | 1 | 4 |
_aՖրանսիական գրականություն _94810 |
| 700 | 1 |
_aBrunetiere, Ferdinand, _d1849-1906. _4aui |
|
| 700 | 1 |
_aGiraud, Victor, _d1868-1953 _4aui |
|
| 090 | _c265872 | ||
| 999 |
_c264242 _d264242 |
||